<?xml version="1.0" encoding="UTF-8"?>
<collection xmlns="http://www.loc.gov/MARC21/slim">
 <record>
  <leader>00394nab a2200157 i 4500</leader>
  <controlfield tag="001">bibPRO00003133</controlfield>
  <controlfield tag="008">060524s1993    xx                  hun  </controlfield>
  <datafield tag="040" ind1=" " ind2=" ">
   <subfield code="a">Sz1</subfield>
  </datafield>
  <datafield tag="041" ind1=" " ind2=" ">
   <subfield code="a">hun</subfield>
  </datafield>
  <datafield tag="100" ind1="1" ind2=" ">
   <subfield code="a">BENCZE Mihály</subfield>
  </datafield>
  <datafield tag="245" ind1="1" ind2="0">
   <subfield code="a">Brassói Füzetek</subfield>
   <subfield code="c">BENCZE Mihály</subfield>
  </datafield>
  <datafield tag="695" ind1=" " ind2=" ">
   <subfield code="a">sajtótörténet</subfield>
  </datafield>
  <datafield tag="695" ind1=" " ind2=" ">
   <subfield code="a">sajtó</subfield>
  </datafield>
  <datafield tag="695" ind1=" " ind2=" ">
   <subfield code="a">Barcaság</subfield>
  </datafield>
  <datafield tag="695" ind1=" " ind2=" ">
   <subfield code="a">Brassói Füzetek</subfield>
  </datafield>
  <datafield tag="773" ind1="0" ind2=" ">
   <subfield code="t">Művelődés. -</subfield>
   <subfield code="g">5 sz., 1993, 3 p.</subfield>
  </datafield>
 </record>
</collection>
